000 00587nam a2200229Ia 4500
003 OSt
005 20250703192023.0
008 210423s2007 xx 000 0 und d
020 _a9781412902694
040 _cAL
041 _aEnglish
082 _a070.1
_223
_bSCAM
100 _aPaddy Scannell
_979561
245 _aMedia and communication
260 _aNew Delhi
_bSage Publications
_c2007
300 _aviii,303p.
_bPB
_c23x18.5cm.
365 _b1727
_cINR
650 _aGeneral
_979562
650 _aMass Media
_979563
906 _acommunication. ; Media
942 _2ddc
_cBK
999 _c156375
_d156375